Investing in real estate : (Record no. 101717)

MARC details
000 -LEADER
fixed length control field 00613nam a22001937a 4500
005 - DATE AND TIME OF LATEST TRANSACTION
control field 20160802111616.0
010 ## - LCCN (DPL NO)
LC control number ENG-115613
020 ## - INTERNATIONAL STANDARD BOOK NUMBER
International Standard Book Number 9789351437314
Terms of availability 595.00
035 ## - SYSTEM CONTROL NUMBER
System control number EN-99145
037 ## - SOURCE OF ACQUISITION
Source of stock number/acquisition DBAD/PUB
082 ## - DEWEY DECIMAL CLASSIFICATION NUMBER
Classification number 332.6324
100 ## - MAIN ENTRY--PERSONAL NAME
Personal name Lakhotia,Subhash
245 ## - TITLE STATEMENT
Title Investing in real estate :
Statement of responsibility, etc by Subhash Lakhotia
Remainder of title how to make money and save tax /
250 ## - EDITION STATEMENT
Edition statement .
260 ## - PUBLICATION, DISTRIBUTION, ETC. (IMPRINT)
Place of publication, distribution, etc Gurgaon
Name of publisher, distributor, etc Lexis Nexis
Date of publication, distribution, etc 2016
270 ## - ADDRESS
Address 14th Floor, Building No.10, Tower-B, DLF Cyber City, Phase-II
City Gurgaon
Postal code 122002
300 ## - PHYSICAL DESCRIPTION
Extent xiii,452p.
Dimensions 22cm(pbk)
942 ## - ADDED ENTRY ELEMENTS (KOHA)
Source of classification or shelving scheme Dewey Decimal Classification
Item type English Books
Call number suffix LAK
Classification part 332.6324
Holdings
Withdrawn status Lost status Not for loan Collection code Home library Current library Date acquired Source of acquisition Cost, normal purchase price Full call number Barcode Copy number Cost, replacement price Koha item type
    Not For Loan Non-fiction D.B.Act.Division Bawana 02/08/2016 DBAD/PUB 595.00 332.6324 LAK EN-99145 1 595.00 English Books

© Delhi Public Library
Hit Counter
free hit counter